Sports Quiz

Random Sports or Soccer Quiz

Champions League XIs: Barcelona Quiz Stats

Quiz Updated Apr 21, 2017

Challenge
Share
Tweet
Embed
Score 0/231 Timer 20:00
79 Plays Today
% Correct
Lionel Messi
98.9%
Lionel Messi
98.8%
Lionel Messi
98.8%
Lionel Messi
98.7%
Lionel Messi
98.6%
Lionel Messi
98.6%
Lionel Messi
98.6%
Lionel Messi
98.6%
Lionel Messi
98.6%
Xavi
96.8%
Xavi
96.8%
Xavi
96.8%
Xavi
96.8%
Xavi
96.8%
Xavi
96.8%
Xavi
96.8%
Xavi
96.8%
Xavi
96.8%
Xavi
96.7%
Xavi
96.7%
Lionel Messi
96.7%
Neymar
96.5%
Xavi
96.5%
Andres Iniesta
96.4%
Neymar
96.4%
Andres Iniesta
96.4%
Andres Iniesta
96.3%
Andres Iniesta
96.3%
Andres Iniesta
96.3%
Andres Iniesta
96.3%
Andres Iniesta
96.3%
Andres Iniesta
96.3%
Andres Iniesta
96.3%
Neymar
96.2%
Luis Suárez
96.2%
Luis Suárez
96.1%
Luis Suárez
95.8%
Gerard Piqué
94.9%
Xavi
94.9%
Gerard Piqué
94.9%
Gerard Piqué
94.9%
Víctor Valdés
94.8%
Víctor Valdés
94.8%
Víctor Valdés
94.8%
Víctor Valdés
94.8%
Víctor Valdés
94.8%
Víctor Valdés
94.8%
Neymar
94.6%
Víctor Valdés
94.6%
Víctor Valdés
94.5%
Gerard Piqué
94.5%
Andres Iniesta
94.4%
Carles Puyol
94.4%
Carles Puyol
94.4%
Carles Puyol
94.4%
Carles Puyol
94.4%
Carles Puyol
94.4%
Carles Puyol
94.4%
Carles Puyol
94.4%
Carles Puyol
94.4%
Carles Puyol
94.4%
Víctor Valdés
94.2%
Gerard Piqué
94.2%
Gerard Piqué
94.2%
Carles Puyol
94.1%
Gerard Piqué
92.9%
Víctor Valdés
92.9%
Carles Puyol
92.5%
Gerard Piqué
92.4%
Sergio Busquets
91.8%
Sergio Busquets
91.7%
Sergio Busquets
91.7%
Sergio Busquets
91.6%
Dani Alves
91.5%
Dani Alves
91.5%
Dani Alves
91%
Dani Alves
90.9%
% Correct
Sergio Busquets
90.9%
Dani Alves
90.6%
Dani Alves
90.6%
Dani Alves
90.6%
Marc-André ter Stegen
90.5%
Sergio Busquets
90.1%
Sergio Busquets
90.1%
Marc-André ter Stegen
90%
Carles Busquets
89.2%
Jordi Alba
89.1%
Dani Alves
88.9%
Jordi Alba
88.7%
Sergio Busquets
88.4%
Marc-André ter Stegen
88.3%
Javier Mascherano
86.6%
Ivan Rakitić
86.4%
Ivan Rakitić
86.3%
Javier Mascherano
86.2%
Ronaldinho
86%
Ronaldinho
86%
Ronaldinho
86%
Ronaldinho
86%
Javier Mascherano
86%
Javier Mascherano
85.8%
Ivan Rakitić
85.5%
Jordi Alba
85.1%
Javier Mascherano
84.3%
Andres Iniesta
84%
Pedro
82.8%
Pedro
82.8%
Lionel Messi
82.4%
Javier Mascherano
82.3%
Samuel Eto'o
81.7%
Samuel Eto'o
81.7%
Samuel Eto'o
81.7%
Pedro
81.5%
Javier Mascherano
80.4%
Thierry Henry
78%
Thierry Henry
78%
David Villa
77.7%
Samuel Umtiti
77.6%
Zlatan Ibrahimovic
77.5%
Eric Abidal
74.8%
Eric Abidal
74.8%
Eric Abidal
73.7%
Francesc Fabregas
73%
Francesc Fabregas
72.3%
Francesc Fabregas
69.9%
Rivaldo
67.5%
Rivaldo
67.5%
Rivaldo
67.5%
Rivaldo
67.5%
Rivaldo
67.5%
Josep Guardiola
66.9%
Josep Guardiola
66.9%
Josep Guardiola
66.9%
Sergi Roberto
64.5%
Alexis Sánchez
62.2%
Yaya Toure
60.7%
Yaya Toure
60.7%
Luis Figo
60.3%
Luis Figo
60.3%
Luis Figo
60.3%
Deco
59.2%
Deco
59.2%
Deco
59.2%
Patrick Kluivert
56.2%
Patrick Kluivert
56.2%
Patrick Kluivert
56.2%
Luis Enrique
55.3%
Luis Enrique
55.3%
Luis Enrique
55.3%
Rafael Marquez
52.3%
Rafael Marquez
52.3%
Rafael Marquez
52.3%
Rafael Marquez
52.3%
Romario
51.7%
% Correct
Romario
51.7%
Frank de Boer
48.5%
Frank de Boer
48.5%
Frank de Boer
48.5%
Frank de Boer
48.5%
Giovanni van Bronckhorst
48.4%
Giovanni van Bronckhorst
48.4%
Giovanni van Bronckhorst
48.4%
Ronald Koeman
47.6%
Ronald Koeman
47.6%
Seydou Keita
45.8%
Hristo Stoichkov
45.7%
Hristo Stoichkov
45.7%
Ludovic Giuly
43.1%
Andoni Zubizarreta
42.4%
Phillip Cocu
41.9%
Phillip Cocu
41.9%
Phillip Cocu
41.9%
Phillip Cocu
41.9%
Phillip Cocu
41.9%
Gianluca Zambrotta
41.3%
Gianluca Zambrotta
41.3%
Juliano Belletti
40.8%
Juliano Belletti
40.8%
Javier Saviola
40.6%
Javier Saviola
40.6%
Mark van Bommel
40.3%
Sergi
39.4%
Sergi
39.4%
Sergi
39.4%
Sergi
39.4%
Sergi
39.4%
Thiago Motta
39.3%
Thiago Motta
39.3%
Michael Reiziger
37.2%
Michael Reiziger
37.2%
Michael Reiziger
37.2%
Michael Reiziger
37.2%
Oleguer
36.7%
Oleguer
36.7%
Miguel Nadal
36.1%
Miguel Nadal
36.1%
Edmilson
34.1%
Gabriel Milito
32.5%
Ruud Hesp
32.5%
Ruud Hesp
32.5%
Ruud Hesp
32.5%
Albert Ferrer
32.5%
Albert Ferrer
32.4%
Albert Ferrer
32.4%
Sonny Anderson
29.8%
Sonny Anderson
29.8%
Roberto Bonano
28.3%
Roberto Bonano
28.3%
Giovanni
26.6%
Giovanni
26.6%
Abelardo
26.1%
Abelardo
26.1%
Abelardo
26.1%
Boudewijn Zenden
26.1%
Jose Mari Bakero
25.6%
Jose Mari Bakero
25.6%
Gaizka Mendieta
24.6%
Winston Bogarde
24.2%
Guillermo Amor
22.9%
Guillermo Amor
22.9%
Francesco Coco
20.8%
Txiki Begiristain
20%
Txiki Begiristain
20%
Gabri
20%
Richard Dutruel
19.7%
Gerard
19.1%
Simao
18.9%
Philippe Christanval
17.7%
Fernando Couto
15.7%
Albert Celades
13.4%
Samuel Okunowo
11.3%

You're not logged in!

Compare scores with friends on all Sporcle quizzes.
Sign Up with Email
OR
Log In

You Might Also Like...

Show Comments

Extras

Top Quizzes Today


Score Distribution

Your Account Isn't Verified!

In order to create a playlist on Sporcle, you need to verify the email address you used during registration. Go to your Sporcle Settings to finish the process.